Statistics for Random NBA Facts

Click here to take the quiz!

General Stats

  • This quiz has been taken 386 times
    (377 since last reset)
  • The average score is 19 of 25

Answer Stats

Question Answer % Correct
How many championships did Michael Jordan win?6
94%
Who won the 2015-2016 NBA Finals?Cavaliers
92%
Derrick Rose played at what team before the Knicks?Bulls
91%
Giannis Antetokoumpo is from what country?Greece
89%
What is the only team that is not in the USA?Toronto Raptors
89%
The NBA logo is modeled after what player?Jerry West
88%
Damian Lillard plays for what team?Portland Trailblazers
88%
The person with the most championships (11) is?Bill Russell
87%
Paul George wears what number?13
87%
What number does Klay Thompson wear?11
85%
How many points did Kyle Korver score for his Cleveland Cavaliers debut?2
84%
How many teams has Shaun Livingston played for?10
83%
What team does Brook Lopez play for?Los Angeles Lakers
83%
Where did Victor Oladipo play before the OKC Thunder?Orlando Magic
81%
Celtics' Point Guard Isaiah Thomas is how tall?5'9
81%
What team was Charles Barkley drafted by?76ers
79%
Who has the most points all-time?Kareem Abdul-Jabbar
74%
The Memphis Grizzlies were originally in what city?Vancouver
71%
The Utah Jazz is in what city?Salt Lake City
68%
The Golden State Warriors are in what city?Oakland
65%
Kristaps Porzingis is from what country?Latvia
63%
The Los Angeles Lakers were originally in what state?Minnesota
50%
Minnesota Timberwolves Guard Andrew Wiggins played at what college?Kansas
46%
Gordon Hayward played at what college?Butler
43%
Goran Dragic is from what country?Slovenia
35%

Score Distribution

Percentile by Number Answered

Percent of People with Each Score

Your Score History

You have not taken this quiz since the last reset